|
|
|
|
| LEADER |
00000cam a22000004a 4500 |
| 001 |
musev2_47402 |
| 003 |
MdBmJHUP |
| 005 |
20230905044930.0 |
| 006 |
m o d |
| 007 |
cr||||||||nn|n |
| 008 |
160802s2016 ilu o 00 0 eng d |
| 020 |
|
|
|a 9780809335053
|
| 020 |
|
|
|z 9780809335046
|
| 035 |
|
|
|a (OCoLC)954481561
|
| 040 |
|
|
|a MdBmJHUP
|c MdBmJHUP
|
| 100 |
1 |
|
|a Howlett, Charles F.,
|e author.
|
| 245 |
1 |
0 |
|a John Dewey, America's Peace-Minded Educator /
|c Charles F. Howlett and Audrey Cohan.
|
| 264 |
|
1 |
|a Carbondale :
|b Southern Illinois University Press,
|c [2016]
|
| 264 |
|
3 |
|a Baltimore, Md. :
|b Project MUSE,
|c 2016
|
| 264 |
|
4 |
|c ©[2016]
|
| 300 |
|
|
|a 1 online resource (328 pages):
|b illustrations
|
| 336 |
|
|
|a text
|b txt
|2 rdacontent
|
| 337 |
|
|
|a computer
|b c
|2 rdamedia
|
| 338 |
|
|
|a online resource
|b cr
|2 rdacarrier
|
| 505 |
0 |
|
|a Roots of a social critic in the democratic tradition -- Idealism discredited: World War I -- Democracy's ambassador to the Orient -- Education for peace, not military training -- Outlawing war and the politics of peace -- Slide toward another World War -- Time of hesitation over and future uncertainty.
|
| 588 |
|
|
|a Description based on print version record.
|
| 600 |
1 |
7 |
|a Dewey, John,
|d 1859-1952.
|2 fast
|0 (OCoLC)fst00036653
|
| 600 |
1 |
0 |
|a Dewey, John,
|d 1859-1952.
|
| 650 |
|
7 |
|a POLITICAL SCIENCE
|x International Relations
|x General.
|2 bisacsh
|
| 650 |
|
7 |
|a POLITICAL SCIENCE
|x Government
|x International.
|2 bisacsh
|
| 655 |
|
7 |
|a Electronic books.
|2 local
|
| 700 |
1 |
|
|a Cohan, Audrey,
|e author.
|
| 710 |
2 |
|
|a Project Muse.
|e distributor
|
| 830 |
|
0 |
|a Book collections on Project MUSE.
|
| 856 |
4 |
0 |
|z Texto completo
|u https://projectmuse.uam.elogim.com/book/47402/
|
| 945 |
|
|
|a Project MUSE - Custom Collection
|
| 945 |
|
|
|a Project MUSE - 2016 Complete
|
| 945 |
|
|
|a Project MUSE - 2016 History
|